Tour de France 2020 stage winners - Statistics

General Stats
  • This quiz has been taken 152 times
  • The average score is 15 of 21
Answer Stats
Stage Type Country Winner % Correct
9 Mountain Slovenia Tadej Pogacar
99%
15 Mountain Slovenia Tadej Pogacar
99%
20 Time trial Slovenia Tadej Pogacar
99%
4 Hilly Slovenia Primoz Roglic
97%
2 Medium mountain France Julian Alaphilippe
87%
10 Flat Ireland Sam Bennett
87%
21 Flat Ireland Sam Bennett
87%
3 Flat Australia Caleb Ewan
82%
11 Flat Australia Caleb Ewan
82%
5 Flat Belgium Wout van Aert
78%
7 Flat Belgium Wout van Aert
78%
1 Flat Norway Alexander Kristoff
76%
6 Hilly Kazakhstan Alexey Lutsenko
71%
12 Hilly Switzerland Marc Hirschi
66%
18 Mountain Poland Michal Kwiatkowski
66%
17 Mountain Colombia Miguel Angel Lopez
52%
16 Mountain Germany Lennard Kamna
48%
14 Hilly Denmark Soren Kragh Andersen
48%
19 Flat Denmark Soren Kragh Andersen
48%
13 Medium mountain Colombia Daniel Martinez
38%
8 Mountain France Nans Peters
34%
No matching quizzes found
Score Distribution
Percent of People with Each Score
Percentile by Number Answered
Your Score History
You have not taken this quiz